Tìm hiểu tư tưởng nghệ thuật của Nguyễn Minh Châu qua quan niệm nghệ thuật về con người /

Đã lưu trong:
Sonraí Bibleagrafaíochta
Príomhúdar: Tôn Phương Lan.
Formáid: Bài viết
Teanga:Vietnamese
Ábhair:
Clibeanna: Cuir Clib Leis
Gan Chlibeanna, Bí ar an gcéad duine leis an taifead seo a chlibeáil!
Thư viện lưu trữ: Thư viện Trường Đại học Đà Lạt
LEADER 00836nam a2200265 4500
001 DLU090073710
005 ##20090518
040 # # |a DLU  |b vie 
041 # # |a vie 
044 # # |a vn 
100 # # |a Tôn Phương Lan.  
245 # # |a Tìm hiểu tư tưởng nghệ thuật của Nguyễn Minh Châu qua quan niệm nghệ thuật về con người /  |c Tôn Phương Lan. 
653 # # |a Chân dung văn học 
653 # # |a Nguyễn Minh Châu, 1930-1989  
653 # # |a Tư duy nghệ thuật 
773 # # |t Tạp chí văn học  |g Số 4, 1996, tr.27-30 
920 # # |a Phòng Tạp chí -- Trung tâm Thông tin - Thư viện Trường Đại học Đà Lạt 
994 # # |a DLU 
900 # # |a True 
911 # # |a Nguyễn Thị Linh Chi 
925 # # |a G 
926 # # |a A 
927 # # |a BB 
980 # # |a Thư viện Trường Đại học Đà Lạt